Vida de monseñor Manuel Abad Illana, obispo de Arequipa, 1793
Bewaard in:
| Hoofdauteur: | |
|---|---|
| Formaat: | Boek |
| Taal: | Spaans |
| Gepubliceerd in: |
Arequipa
UNSA
1997
|
| Reeks: | Fuentes Documentales
|
| Onderwerpen: | |
| Tags: |
Voeg label toe
Geen labels, Wees de eerste die dit record labelt!
|
MARC
| LEADER | 00000nam a2200000 a 4500 | ||
|---|---|---|---|
| 001 | UCM5120 | ||
| 003 | CL-VaPUC | ||
| 008 | 020927e19970000PE |||||||||||||||||spa|d | ||
| 082 | 0 | 4 | |a 922.246 |b ZAM |2 21 |
| 100 | 0 | |a Zamácola y Jáuregui, Juan Domingo |e author |9 471500 | |
| 245 | 1 | 0 | |a Vida de monseñor Manuel Abad Illana, obispo de Arequipa, 1793 |
| 300 | |a 134 p | ||
| 942 | |c BK | ||
| 945 | |d 20020927 00:00:00 |a cmena | ||
| 260 | |a Arequipa |b UNSA |c 1997 | ||
| 650 | 7 | |a OBISPOS |2 CL-VaPUC |9 471501 | |
| 650 | 7 | |a LIDERES RELIGIOSOS |2 CL-VaPUC |9 353296 | |
| 651 | 0 | |a Perú |9 256567 | |
| 583 | |a last modification |c 20141121 11:12:24 |k Rodrigo Vera | ||
| 490 | 0 | |a Fuentes Documentales | |
| 999 | |c 301403 |d 301401 | ||
| 952 | |0 0 |1 0 |4 0 |6 922_246000000000000_ZAM_1997 |7 0 |8 DER_HDC |9 360307 |a BIBDER |b BIBDER |d 2019-11-21 |i 3822192 |o 922.246 ZAM 1997 |p 3822192 |r 2023-01-25 |w 2019-11-21 |x Ubicación 4to Piso |y BK |z Estos recursos deben solicitarse con anticipación |k DER | ||